Music Quiz

Random Music or Lyrics Quiz

Led Zeppelin - Stairway to Heaven Quiz Stats

 Plays Quiz not verified by Sporcle

Support Sporcle.
Go Orange.
Score 0/39 Timer 08:00
0 Plays Today
Lyric Lyric % Correct
And she's buying a stairway to heaven
98.4%
There's a lady who's sureall that glitters is gold
91.2%
Ooooh, and she's buying a stairway to heaven
90.5%
'Cause you know sometimes words havetwo meanings
82.7%
With a word she can getwhat she came for
81.9%
There's a feeling I getwhen I look to the west
79.3%
In a tree by the brook, there'sa songbird who sings
74.5%
There's a sign on the wallbut she wants to be sure
68.2%
When she gets there she knowsif the stores are all closed
67.6%
Ooooh, it makes me wonder. Ooooh,it makes me wonder
65%
And it makes mewonder
63.9%
And a newday will dawn
63.2%
Ooooh,it makes me wonder
62%
Yes there are two paths you can go bybut in the long run
61.2%
And she's buying astairway to heaven
59.3%
Dear lady can you hearthe wind blow
57.8%
In my thoughts I have seenrings of smoke through the trees
56.7%
If there's a bustle in your hedgerowdon't be alarmed now
56.7%
There's still time tochange the road you're on
55.7%
In case you don't know, the piper'scalling you to join him
54.1%
Lyric Lyric % Correct
There walksa lady we all know
52.1%
And my spirit iscrying for leaving
51.2%
And if youlisten very hard
50.9%
Then the piperwill lead us to reason
50.1%
And as wewind on down the road
47.1%
It's just aspring clean for the May-queen
46.6%
And the voices of those whostand looking
46.5%
Sometimes all ofour thoughts are misgiven
46.2%
How everything stillturns to gold
45.5%
And it's whispered that soon, if weall call the tune
45%
Our shadowstaller than our soul
44.5%
To bea rock and not to roll
43.7%
And did you knowyour stairway lies on the whispering wind
41.9%
When all are oneand one is all
41.4%
Your head ishumming and it won't go
40.7%
Ooooh,it really makes me wonder
37.8%
Who shines white lightand wants to show
37.7%
The tune will cometo you at last
37.3%
For those who stand longand the forests will echo with laughter
35.5%

You're not logged in!

Compare scores with friends on all Sporcle quizzes.
OR
Log In

From the Vault

The Bible (Abridged)

by druhutch

The Bible? Yeah, we got the gist of it.
Remove Ads.
Support Sporcle.
Get the best of Sporcle when you Go Orange. This ad-free experience offers more features, more stats, and more fun while also helping to support Sporcle. Thank you for becoming a member.

Show Comments

Extras

Top Quizzes Today


Score Distribution

Your Account Isn't Verified!

In order to create a playlist on Sporcle, you need to verify the email address you used during registration. Go to your Sporcle Settings to finish the process.

Report this User

Report this user for behavior that violates our Community Guidelines.

Details: